00538nmm a2200169Ia 4500008004100000020001800041041000800059100002300067245008800090264005700178300001700235490002500252650001600277856005100293942000700344999001700351251105s9999||||xx |||||||||||||||||und|| a9788499459844 aspa aMarchadour , Alain 0a"La tierra que yo te mostraré" :b La tierra en la Biblia. Cuaderno Bíblico 162 a[Madrid, España] :bEditorial Verbo Divino, c2014 a96 páginas aCuadernos bíblicos aReligion(s) uhttps://public.digitaliapublishing.com/a/30486 cCF c92885d92885